YODER-WISE'S LEADING & MANAGING IN NURSING (Record no. 27524)

MARC details
000 -LEADER
fixed length control field 00437nam a22001697a 4500
003 - CONTROL NUMBER IDENTIFIER
control field SGT
020 ## - INTERNATIONAL STANDARD BOOK NUMBER
International Standard Book Number 9788131256435
082 ## - DEWEY DECIMAL CLASSIFICATION NUMBER
Classification number 610.73
Item number Y23Y
100 ## - MAIN ENTRY--PERSONAL NAME
Personal name YODER-WISE, PATRICIA
245 ## - TITLE STATEMENT
Title YODER-WISE'S LEADING & MANAGING IN NURSING
250 ## - EDITION STATEMENT
Edition statement 1ST S.A
260 ## - PUBLICATION, DISTRIBUTION, ETC. (IMPRINT)
Place of publication, distribution, etc INDIA
Name of publisher, distributor, etc ELSEVIER PUB
Year of Publication 2023
300 ## - PAGE DESCRIPTION
No. of Pages 624
650 ## - SUBJECT ADDED ENTRY--TOPICAL TERM
Topical term or geographic name as entry element NURSING MANAGEMENT
653 ## - KEYWORDS--INDEX TERM
Keyword term YODER-WISE'S LEADING & MANAGING IN NURSING
942 ## - ADDED ENTRY ELEMENTS (KOHA)
Source of classification or shelving scheme Dewey Decimal Classification
Koha item type Books
Holdings
Withdrawn status Lost status Source of classification or shelving scheme Damaged status Not for loan Collection code Home library Current library Shelving location Date acquired Vendor Name Cost, normal purchase price SGTU Bill Number Full call number Accession No. (Barcode) Date last seen Bill Date Koha item type
    Dewey Decimal Classification   Not For Loan NURSING SGT Medical Library SGT Medical Library Reference Book 29/08/2024 ABC DELHI 1895.00 SGTU 19450 610.73 Y23Y FN5707 21/11/2024 29/08/2024 Books
    Dewey Decimal Classification   Not For Loan NURSING SGT Medical Library SGT Medical Library Reference Book 29/08/2024 ABC DELHI 1895.00 SGTU 19450 610.73 Y23Y FN5708 21/11/2024 29/08/2024 Books
    Dewey Decimal Classification   Not For Loan NURSING SGT Medical Library SGT Medical Library Reference Book 29/08/2024 ABC DELHI 1895.00 SGTU 19450 610.73 Y23Y FN5709 21/11/2024 29/08/2024 Books